000 00612nam a22001697a 4500
003 MACL
005 20160719120822.0
008 160719b xxu||||| |||| 00| 0 eng d
040 _cMACL
041 _aHindi
082 _a891.433 MOH
100 _aमोहन, नरेन्‍द्र
_964670
245 _aसमकालीन हिन्‍दी कहानियॉ
_cनरेन्‍द्र मोहन
260 _aनई दिल्‍ली
_bभारतीय प्रकाशन संस्‍थान
_c2010
650 _aकहानियाॅ
_933092
942 _2ddc
_cHIN
999 _c54411
_d54411